Top 10 najbogatszych stanów USA według średniego dochodu - Statystyki

Ogólne statystyki
  • Ten quiz został rozwiązany 235 razy
  • Średni wynik to 5 z 10
Statystyki odpowiedzi
$ Stan % Poprawnych
75,277 Kalifornia
94%
74,073 Waszyngton
67%
80,212 Hawaje
50%
74,346 Alaska
47%
81,740 New Jersey
47%
83,242 Maryland
37%
79,835 Massachusetts
35%
74,991 New Hampshire
29%
76,348 Connecticut
27%
72,577 Wirginia
25%
Nie znaleziono quizów pasujących do podanych kryteriów
Rozkład punktacji
Procent ludzi z każdym wynikiem
Percentyl według liczby udzielonych odpowiedzi
Twoja historia wyników
Nie rozwiązałeś tego quizu